Civilization-states of China and India : (Record no. 760714)

MARC details
000 -LEADER
fixed length control field 00580cam a2200169 i 4500
020 ## - INTERNATIONAL STANDARD BOOK NUMBER
ISBN 9789356401983
082 ## - DEWEY DECIMAL CLASSIFICATION NUMBER
Classification number 327.54 BAJ/C
100 1# - MAIN ENTRY--AUTHOR NAME
Personal name Bajpai, Ravi Dutt,
Relator term author.
245 10 - TITLE STATEMENT
Title Civilization-states of China and India :
Sub Title reshaping the world order /
Statement of responsibility, etc by Ravi Dutt Bajpai.
260 ## - PUBLICATION, DISTRIBUTION, ETC. (IMPRINT)
Place of publication . - New Delhi
Name of publisher : Bloomsburry
Year of publication , 2024
300 ## - PHYSICAL DESCRIPTION
Number of Pages xiv, 269 pages ;
504 ## - BIBLIOGRAPHY, ETC. NOTE
Bibliography, etc Includes bibliographical references (pages 233-260) and index.
650 #0 - SUBJECT ADDED ENTRY--TOPICAL TERM
Topical Term Civilization, Oriental.
650 #0 - SUBJECT ADDED ENTRY--TOPICAL TERM
Topical Term International relations
942 ## - ADDED ENTRY ELEMENTS (KOHA)
Source of classification or shelving scheme Dewey Decimal Classification
Koha item type Book
Holdings
Withdrawn status Lost status Source of classification or shelving scheme Damaged status Not for loan Home Library Current Location Shelving location Date acquired Full call number Accession Number Price effective from Koha item type
    Dewey Decimal Classification     Dept. of Political Science Dept. of Political Science General Stacks 30/06/2025 327.54 BAJ/C POL23816 17/06/2026 Book